| Registos Bibliográficos associados ao registo de autoridade |
|
Etiqueta de registo: 00986cam 02200253 04500 001 86723 003 http://id.bnportugal.gov.pt/bib/catbnp/86723 005 19981118170200.0 095 ## $aPTBN00090112 100 ## $a19950601d1984 k y0pora0103 ba 101 0# $apor 102 ## $aPT 200 1# $a1º Simpósio de Electrónica das Comunicações$fpromovido por IEEE-Portugal Section, Centro de Electrónica Aplicada da U.T.L., Ordem
dos Engenheiros 210 #9 $aLisboa$cCentro de Electrónica Aplicada da Universidade Técnica,$d1984 215 ## $a[16], 285 p.$cil., gráf., diagr.$d30 cm 675 ## $a621.39$vmed$zpor$3291148 675 ## $a061.3(469)"1984"$vmed$zpor$3290046 710 12 $aSimpósio de Electrónica das Comunicações,$d1,$eLisboa,$f1984$31093335 712 02 $aIEEE.$bPortugal Section$4070$3232689 712 02 $aUniversidade Técnica de Lisboa.$bCentro de Electricidade Aplicada$4070$3232690 712 02 $aOrdem dos Engenheiros$4070$313203 801 #0 $aPT$bBN$gRPC 966 ## $lBN$mFGMON$sS.A. 61801 V. 998 ## $aFSE73 - 00465
Etiqueta de registo: 01593cam 2200421 450 001 917868 003 http://id.bnportugal.gov.pt/bib/catbnp/917868 005 19990610000000.0 021 ## $aPT$b113424/97 095 ## $aPTBN00931895 100 ## $a19971114d1997 k y0pory0103 ba 101 0# $aeng 102 ## $aPT 105 ## $aa z 001aa 106 ## $ar 200 1# $aISIE'97$eproceedings$fof the IEEE International Symposium on Industrial Electronics$g[org.] Industrial Electronics Society, University of Minho 210 #9 $a[Guimarães$cU.M.],$d1997 215 ## $a3 v.$cil.$d30 cm 532 12 $aInternational Symposium on Industrial Electronics'97 675 ## $a061.3$vBN$zpor$3292562 675 ## $a621.3 (094.5)$vBN$zpor$3292154 710 12 $aInternational Symposium on Industrial Electronics,$eGuimarães,$f1997$3271996 712 02 $aIEEE.$bPortugal Section$4070$3232689 712 02 $aUniversidade do Minho$4070$3287207 801 #0 $aPT$bBN$gRPC 930 ## $lBN$mAG$dS.A. 85185-87 V. 930 ## $lBPMP$dL4-10-112[1-3] 966 ## $c2$d1Á v.$lBN$mFGMON$sS.A. 85185 V.$x1 966 ## $c2$d1Á v.$lBN$mFGMON$sS.A. 85185 V.$x1 966 ## $c2$d2Á v.$lBN$mFGMON$sS.A. 85186 V.$x1 966 ## $c2$d2Á v.$lBN$mFGMON$sS.A. 85186 V.$x1 966 ## $c2$d3Á v.$lBN$mFGMON$sS.A. 85187 V.$x1 966 ## $c2$d3Á v.$lBN$mFGMON$sS.A. 85187 V.$x1
Etiqueta de registo: 00000nkm 2200025 450 001 2281557 003 http://id.bnportugal.gov.pt/bib/catbnp/2281557 100 ## $a20260318d1986 m y0pory01030103ba 101 0# $apor 102 ## $aPT 200 1# $a2.º Simpósio de Electrónica das Telecomunicações, Lisboa, 21, 22, 23 [de] maio [de]
86$bVisual gráfico]$fIEEE - Portugal Section, Centro de Electrónica Aplicada - Universidade Técnica de
Lisboa, Ordem dos Engenheiros, Departamento de Engenharia Electrotécnica e de Computadores
do Instituto Superior Técnico e INESC 210 #9 $aLisboa$cCentro de Electrónica Aplicada - Universidade Técnica de Lisboa,$d1986 215 ## $a1 cartaz$ccolor.$d38,7x27,5 cm 317 ## $aColeção Madeira Luís 710 12 $aSimpósio de Electrónica das Comunicações,$d2,$eLisboa,$f1986$31992344 712 02 $aIEEE.$bPortugal Section$3232689 712 02 $aCentro de Electrónica Aplicada - Universidade Técnica de Lisboa$31992345 712 02 $aOrdem dos Engenheiros$313203 712 02 $aUniversidade Técnica de Lisboa.$bInstituto Superior Técnico.$bDepartamento de Engenharia Electrotécnica e de Computadores$381178 712 02 $aINESC$329605 801 #0 $aPT$bBN$gRPC 966 ## $lBN$mICONOG$sCT. 16469 V.$x3 971 ## $cCaticonografia9$d20260318 995 ## $aPRR2026
Etiqueta de registo: 00379nas 2200205 450 001 2284832 003 http://id.bnportugal.gov.pt/bib/catbnp/2284832 011 ## $a3051-8334$bed. impressa) 011 ## $a3051-8288$bed. eletrónica) 100 ## $a20260420a20259999m y0pory01030103ba 101 0# $aeng 102 ## $aPT 106 ## $as 110 ## $aajazz 0uu0 200 1# $aEducation's digest$fIEEE Portugal Section$ged. Rui Eduardo Lopes, Pedro Veloso Teixeira 207 #0 $aNº 2 (set. 2025)- 210 #9 $aPorto$cIEEE Portugal Section,$d2025- 211 ## $a202509 304 ## $aO nº 1 foi publicado com o tít.: IEEE education newsletter 326 ## $aSemestral 620 ## $dPorto 702 #1 $aLopes,$bRui Eduardo$4340$31994443 702 #1 $aTeixeira,$bPedro Veloso$4340$31994444 712 02 $aIEEE.$bPortugal Section$4650$3232689 801 #0 $aPT$bBN$gRPC 856 40 $uhttps://site.ieee.org/portugal-es/educations-digest 971 ## $cssilva$d20260420
|
|
|